|
|
|
|
| LEADER |
01047nam a22002772a 4500 |
| 001 |
001449665 |
| 003 |
CZ BrMZK |
| 005 |
20150730152419.0 |
| 007 |
ta |
| 008 |
150116s1954 xr f er|||||||||||cze d |
| 015 |
|
|
|a cnb000431439
|
| 035 |
|
|
|a (OCoLC)85189297
|
| 040 |
|
|
|a ABA001
|b cze
|c CBA001
|d BOA001
|
| 100 |
1 |
|
|a Bystrický, Rudolf,
|d 1908-2001
|7 jk01020493
|4 aut
|
| 245 |
1 |
0 |
|a Nástin mezinárodního práva soukromého :
|b pro posluchače fakulty mezinárodních vztahů /
|c Rudolf Bystrický
|
| 250 |
|
|
|a 1. vyd.
|
| 260 |
|
|
|a Praha :
|b Státní pedagogické nakladatelství,
|c 1954
|
| 300 |
|
|
|a 164 s., příl.
|
| 490 |
1 |
|
|a Učební texty vysokých škol. Karlova universita v Praze, fakulta právnická
|
| 500 |
|
|
|a 760 výt.
|
| 710 |
2 |
|
|a Univerzita Karlova
|7 kn20010710036
|
| 810 |
2 |
|
|a Karlova universita v Praze.
|b Fakulta právnická.
|t Učební texty vysokých škol
|
| 910 |
|
|
|a BOA001
|b 2-0327.937
|
| 990 |
|
|
|a BK
|
| 991 |
|
|
|b 201501
|
| 996 |
6 |
|
|b 2618800887
|c 2-0327.937
|l MZK
|r Sklad / do 24 hodin
|n 0
|w 001484527
|u 000010
|a 1
|e BOA001
|j MZK50
|s P
|